000
00278 a2200109 4500
001
50701
040
_c
Anchieta - Pituba
240
1
0
_a
O Corpo Humano 2.0
_l
245
1
0
_a
O Corpo Humano 2.0
650
4
_a
Obras enciclopĂ©dicas gerais de lĂnguas espanhola e portuguesa
942
_c
MU
999
_c
50701
_d
50701